000
00284nam a2200097Ia 4500
005
20251222141757.0
008
251222s9999||||xx |||||||||||||| ||spa||
082
_a
630.1/I59/V.9/T.1
245
0
_a
"III Censo Nacional Agropecuario, resultados definitivos: Departamento de Ica"
942
_c
LIB
999
_c
6032
_d
6032